Normal view
MARC view
- Baron,Robert A / Branscombe,Nyia R / Byrne,Donn / Bhardwaj,Gopa
Entry Personal Name
001 - CONTROL NUMBER
- control field: 1332
003 - CONTROL NUMBER IDENTIFIER
- control field: JO-AjAnu
005 - DATE AND TIME OF LATEST TRANSACTION
- control field: 20230606070524.0
008 - FIXED-LENGTH DATA ELEMENTS
- fixed length control field: 230606|| aca||aabn | a|a d
040 ## - CATALOGING SOURCE
- Original cataloging agency: JO-AjAnu
- Transcribing agency: JO-AjAnu
100 ## - HEADING--PERSONAL NAME
- Personal name: Baron,Robert A / Branscombe,Nyia R / Byrne,Donn / Bhardwaj,Gopa
670 ## - SOURCE DATA FOUND
- Source citation: Work cat.: (JO-AjAnu)701: Baron,Robert A / Branscombe,Nyia R / Byrne,Donn / Bhardwaj,Gopa, author, Social Psychology